Fundamental nursing skills and concepts / (Record no. 10852)
[ view plain ]
| 000 -LEADER | |
|---|---|
| fixed length control field | 02048cam a22003974a 4500 |
| 001 - CONTROL NUMBER | |
| control field | 15005159 |
| 005 - DATE AND TIME OF LATEST TRANSACTION | |
| control field | 20080403092930.0 |
| 008 - FIXED-LENGTH DATA ELEMENTS--GENERAL INFORMATION | |
| fixed length control field | 070910s2009 paua b 001 0 eng |
| 010 ## - LIBRARY OF CONGRESS CONTROL NUMBER | |
| LC control number | 2007037307 |
| 016 7# - NATIONAL BIBLIOGRAPHIC AGENCY CONTROL NUMBER | |
| Record control number | 101316077 |
| Source | DNLM |
| 020 ## - INTERNATIONAL STANDARD BOOK NUMBER | |
| International Standard Book Number | 9780781779098 |
| 020 ## - INTERNATIONAL STANDARD BOOK NUMBER | |
| International Standard Book Number | 078177909X |
| 035 ## - SYSTEM CONTROL NUMBER | |
| System control number | (OCoLC)ocn154704029 |
| 035 ## - SYSTEM CONTROL NUMBER | |
| System control number | (OCoLC)154704029 |
| 040 ## - CATALOGING SOURCE | |
| Original cataloging agency | DNLM/DLC |
| Transcribing agency | DLC |
| Modifying agency | NLM |
| -- | BTCTA |
| -- | BAKER |
| -- | YDXCP |
| -- | COU |
| -- | C#P |
| -- | DLC |
| 042 ## - AUTHENTICATION CODE | |
| Authentication code | pcc |
| 050 00 - LIBRARY OF CONGRESS CALL NUMBER | |
| Classification number | RT41 |
| Item number | .T54 2009 |
| 060 10 - NATIONAL LIBRARY OF MEDICINE CALL NUMBER | |
| Classification number | WY 100 |
| Item number | T583f 2009 |
| 082 00 - DEWEY DECIMAL CLASSIFICATION NUMBER | |
| Classification number | 610.73 |
| Edition number | 22 |
| Item number | TIM NR |
| 100 1# - MAIN ENTRY--PERSONAL NAME | |
| Personal name | Timby, Barbara Kuhn. |
| 9 (RLIN) | 20698 |
| 245 10 - TITLE STATEMENT | |
| Title | Fundamental nursing skills and concepts / |
| Statement of responsibility, etc | Barbara Kuhn Timby. |
| 250 ## - EDITION STATEMENT | |
| Edition statement | 9th ed. |
| 260 ## - PUBLICATION, DISTRIBUTION, ETC. (IMPRINT) | |
| Place of publication, distribution, etc | Philadelphia : |
| Name of publisher, distributor, etc | Wolters Kluwer Health/Lippincott Williams & Wilkins, |
| Date of publication, distribution, etc | c2009. |
| 300 ## - PHYSICAL DESCRIPTION | |
| Extent | xxii, 969 p. : |
| Other physical details | col. ill. ; |
| Dimensions | 28 cm. + |
| Accompanying material | 1 CD-ROM (4 3/4 in.). |
| 440 #0 - | |
| -- | Lippincott's practical nursing |
| -- | 20699 |
| 504 ## - BIBLIOGRAPHY, ETC. NOTE | |
| Bibliography, etc | Includes bibliographical references (p. 893-913) and index. |
| 650 #0 - SUBJECT ADDED ENTRY--TOPICAL TERM | |
| Topical term or geographic name as entry element | Nursing. |
| 9 (RLIN) | 20700 |
| 650 12 - SUBJECT ADDED ENTRY--TOPICAL TERM | |
| Topical term or geographic name as entry element | Nursing Care. |
| 9 (RLIN) | 20701 |
| 856 42 - ELECTRONIC LOCATION AND ACCESS | |
| Materials specified | Publisher description |
| Uniform Resource Identifier | <a href="http://www.loc.gov/catdir/enhancements/fy0828/2007037307-d.html">http://www.loc.gov/catdir/enhancements/fy0828/2007037307-d.html</a> |
| 942 ## - ADDED ENTRY ELEMENTS (KOHA) | |
| Source of classification or shelving scheme | Dewey Decimal Classification |
| Item type | |
| Withdrawn status | Item status | Source of classification or shelving scheme | Materials specified (bound volume or other part) | Damaged status | Not for loan | Vendor | Home library | Current library | Shelving location | Date acquired | Source of acquisition | Cost, normal purchase price | Serial Enumeration / chronology | Total Checkouts | Total Renewals | Full call number | Barcode | Date last seen | Date last borrowed | Koha item type |
|---|---|---|---|---|---|---|---|---|---|---|---|---|---|---|---|---|---|---|---|---|
| Lost | Dewey Decimal Classification | Lost In Inventory_2015-8-23 | Baccah | Central Library | Central Library | First floor | 17/02/2009 | 307.20 | 6996 | 21 | 6 | 610.73 TIM | 000014627 | 04/03/2014 | 04/03/2014 | NB - Book (Non borrowing) | ||||
| Dewey Decimal Classification | Baccah | Central Library | Central Library | First floor | 17/02/2009 | 307.20 | 6996 | 26 | 36 | 610.73 TIM | 000014638 | 15/07/2025 | 22/04/2015 | Book - Borrowing | ||||||
| Dewey Decimal Classification | Baccah | Central Library | Central Library | First floor | 17/03/2009 | 6996 | 5 | 6 | 610.73 TIM | 000014264 | 24/08/2022 | 28/07/2015 | CD | DVD - With book | |||||||
| Lost | Dewey Decimal Classification | Lost In Inventory_2015-8-23 | Baccah | Central Library | Central Library | First floor | 25/03/2009 | 5 | 610.73 TIM | 000015480 | 25/10/2011 | 23/10/2011 | CD | DVD - With book |